000 00762nam a22002297a 4500
999 _c605
_d605
003 AR-CdUCM
008 190220b ||||| |||| 00| 0 spa d
040 _aMUNICIPALIDAD PROVINCIAL DEL CUSCO
_cBIBLIOTECA MUNICIPAL DEL CUSCO
082 _a951.9 /
_bC77
_2[2a ed.].
100 _aCarnero Checa, Genaro
_92353
245 _aCorea :
_barroz y acero /
_cGenaro Carnero Checa
260 _aLima :
_bEds. Siglo XX,
_c1975.
300 _a279 páginas.
_bilustraciones., retratos. ;
_c21 cm.
500 _aCon referencia a Kim Il Sung.
_zIncluye referencias bibliográficas.
650 _aKim, Il Sung
_923
650 _aPresidente de Corea
_92354
650 _aPolítica
_9291
650 _aCorea
_91036
650 _aSiglo XX
_98
942 _2ddc
_cLIBROS
945 _arac